00794cam a2200193 450000500170000000800410001702000180005805000220007610000890009824501250018725000110031226000710032330000300039449000250042450400380044950600140048765100560050165100430055720151208143704.0090108s2008 mx 000 0 spa u a978970684173504aJL1299 bP47 20081 aPérez de Sarmiento, Marisad[1959- ]q[Marisa Pérez Domínguez de Sarmiento]14aLas razones de la "alternancia" : bel relevo de los gobernadores de Yucatán 1876-1901c/ Marisa Pérez de Sarmiento. a1a ed. aMéxico : bInstituto de Investigaciones José Luis Mora, c2008 a259 p. : bil. ; c23 cm. aHistoria política  aIncluye bibliografía e índice aRec. Esc. 72LEMBaYucatán xPolítica y gobierno ySiglo XIX 72LEMBaYucatán xHistoria ySiglo XIX